[Event "Team Championship Russia (Blitz, Men)"]
[Site "Sochi"]
[Date "2018.10.10"]
[Round "4.34"]
[White "Chos, Alexey"]
[Black "Ponomarenko, Alexandr"]
[Result "1-0"]
[BlackElo "2179"]
[WhiteElo "2229"]
[LiveChessVersion "1.4.8"]

1. e4 {[%clk 0:03:03]} c5 {[%clk 0:03:03]} 2. Nf3 {[%clk 0:03:04]} d6
{[%clk 0:03:04]} 3. c3 {[%clk 0:03:05]} Nf6 {[%clk 0:03:04]} 4. h3
{[%clk 0:03:05]} g6 {[%clk 0:03:03]} 5. Bd3 {[%clk 0:03:06]} Bg7 {[%clk 0:03:03]}
6. O-O {[%clk 0:03:06]} O-O {[%clk 0:03:03]} 7. Re1 {[%clk 0:03:07]} Nc6
{[%clk 0:03:04]} 8. Bc2 {[%clk 0:03:05]} e5 {[%clk 0:02:51]} 9. d3
{[%clk 0:02:49]} b5 {[%clk 0:02:48]} 10. Bg5 {[%clk 0:02:45]} Qb6
{[%clk 0:02:45]} 11. Nbd2 {[%clk 0:02:42]} a5 {[%clk 0:02:45]} 12. a4
{[%clk 0:02:42]} b4 {[%clk 0:02:18]} 13. Nc4 {[%clk 0:02:35]} Qc7
{[%clk 0:02:19]} 14. Ne3 {[%clk 0:02:32]} Be6 {[%clk 0:02:18]} 15. Bxf6
{[%clk 0:02:27]} Bxf6 {[%clk 0:02:19]} 16. Bb3 {[%clk 0:02:28]} Ne7
{[%clk 0:02:07]} 17. Rc1 {[%clk 0:01:59]} Rab8 {[%clk 0:02:07]} 18. Bxe6
{[%clk 0:01:54]} fxe6 {[%clk 0:02:08]} 19. d4 {[%clk 0:01:56]} exd4
{[%clk 0:01:42]} 20. cxd4 {[%clk 0:01:56]} Bg7 {[%clk 0:01:40]} 21. Qb3
{[%clk 0:01:36]} Qd7 {[%clk 0:01:06]} 22. dxc5 {[%clk 0:01:34]} dxc5
{[%clk 0:01:03]} 23. Rxc5 {[%clk 0:01:34]} Rf4 {[%clk 0:00:56]} 24. Rd1
{[%clk 0:01:33]} Qe8 {[%clk 0:00:40]} 25. Qxe6+ {[%clk 0:01:33]} Kh8
{[%clk 0:00:41]} 26. e5 {[%clk 0:01:25]} Nf5 {[%clk 0:00:31]} 27. Qxe8+
{[%clk 0:01:25]} Rxe8 {[%clk 0:00:32]} 28. Nd5 {[%clk 0:01:09]} Re4
{[%clk 0:00:30]} 29. Rxa5 {[%clk 0:01:10]} Bxe5 {[%clk 0:00:28]} 30. Nxb4
{[%clk 0:00:58]} Bxb2 {[%clk 0:00:28]} 31. Nd5 {[%clk 0:00:50]} Bg7
{[%clk 0:00:24]} 32. Ra7 {[%clk 0:00:50]} Kg8 {[%clk 0:00:25]} 33. a5
{[%clk 0:00:51]} Ra4 {[%clk 0:00:25]} 34. a6 {[%clk 0:00:50]} h6 {[%clk 0:00:18]}
35. Nc7 {[%clk 0:00:46]} Re2 {[%clk 0:00:18]} 36. Rb7 {[%clk 0:00:45]} Rea2
{[%clk 0:00:18]} 37. g4 {[%clk 0:00:33]} Nd4 {[%clk 0:00:16]} 38. Nxd4
{[%clk 0:00:26]} Bxd4 {[%clk 0:00:17]} 39. Rxd4 {[%clk 0:00:15]} Rxd4
{[%clk 0:00:17]} 40. a7 {[%clk 0:00:16]} Rd1+ {[%clk 0:00:18]} 41. Kg2
{[%clk 0:00:18]} Rd8 {[%clk 0:00:15]} 42. Rb8 {[%clk 0:00:18]} Rxa7
{[%clk 0:00:15]} 43. Rxd8+ {[%clk 0:00:19]} Kf7 {[%clk 0:00:17]} 44. Nb5
{[%clk 0:00:20]} Ra5 {[%clk 0:00:17]} 45. Nc3 {[%clk 0:00:21]} Ra3
{[%clk 0:00:18]} 46. Ne2 {[%clk 0:00:23]} g5 {[%clk 0:00:19]} 47. Ng3
{[%clk 0:00:24]} Rb3 {[%clk 0:00:20]} 48. Nf5 {[%clk 0:00:25]} Kg6
{[%clk 0:00:21]} 49. Rd6+ {[%clk 0:00:27]} Kf7 {[%clk 0:00:22]} 50. Rxh6
{[%clk 0:00:28]} Rc3 {[%clk 0:00:23]} 51. Rd6 {[%clk 0:00:28]} Ra3
{[%clk 0:00:24]} 52. f3 {[%clk 0:00:29]} Ra2+ {[%clk 0:00:25]} 53. Kg3
{[%clk 0:00:31]} Ra1 {[%clk 0:00:26]} 54. Rd2 {[%clk 0:00:31]} Rg1+
{[%clk 0:00:27]} 55. Rg2 {[%clk 0:00:33]} Rh1 {[%clk 0:00:28]} 56. h4
{[%clk 0:00:33]} gxh4+ {[%clk 0:00:28]} 57. Nxh4 {[%clk 0:00:34]} Kf6
{[%clk 0:00:29]} 58. f4 {[%clk 0:00:35]} Ra1 {[%clk 0:00:30]} 59. Rf2
{[%clk 0:00:37]} Ra3+ {[%clk 0:00:31]} 60. Rf3 {[%clk 0:00:38]} Ra1
{[%clk 0:00:32]} 61. g5+ {[%clk 0:00:39]} Kg7 {[%clk 0:00:33]} 62. f5
{[%clk 0:00:41]} Ra4 {[%clk 0:00:34]} 63. Rf4 {[%clk 0:00:42]} Ra3+
{[%clk 0:00:35]} 64. Kg4 {[%clk 0:00:44]} Ra1 {[%clk 0:00:36]} 65. f6+
{[%clk 0:00:45]} Kf7 {[%clk 0:00:38]} 66. Kh5 {[%clk 0:00:43]} Rh1
{[%clk 0:00:39]} 67. g6+ {[%clk 0:00:44]} Kg8 {[%clk 0:00:40]} 68. Rb4
{[%clk 0:00:45]} 1-0

[Event "Team Championship Russia (Blitz, Men)"]
[Site "Sochi"]
[Date "2018.10.10"]
[Round "4.35"]
[White "Alexeev, Alexey"]
[Black "Mamedov, Elmin"]
[Result "1/2-1/2"]
[BlackElo "2184"]
[WhiteElo "2363"]
[LiveChessVersion "1.4.8"]

1. e4 {[%clk 0:03:03]} d6 {[%clk 0:03:03]} 2. d4 {[%clk 0:03:03]} g6
{[%clk 0:03:05]} 3. Nc3 a6 4. a4 {[%clk 0:03:04]} Bg7 {[%clk 0:03:08]} 5. Nf3
{[%clk 0:03:04]} Nf6 {[%clk 0:03:09]} 6. Be2 {[%clk 0:03:05]} O-O
{[%clk 0:03:09]} 7. O-O {[%clk 0:03:05]} Nc6 {[%clk 0:03:10]} 8. d5
{[%clk 0:03:01]} Ne5 {[%clk 0:03:04]} 9. Nxe5 {[%clk 0:02:58]} dxe5
{[%clk 0:03:05]} 10. a5 {[%clk 0:02:57]} e6 {[%clk 0:03:03]} 11. Bg5
{[%clk 0:02:53]} h6 {[%clk 0:02:53]} 12. Bh4 {[%clk 0:02:54]} g5 {[%clk 0:02:49]}
13. Bg3 {[%clk 0:02:55]} exd5 {[%clk 0:02:50]} 14. Bxe5 {[%clk 0:02:40]} dxe4
{[%clk 0:02:39]} 15. Qxd8 {[%clk 0:02:40]} Rxd8 {[%clk 0:02:40]} 16. Rfd1
{[%clk 0:02:41]} Re8 {[%clk 0:02:38]} 17. Bxc7 {[%clk 0:02:39]} Bf5
{[%clk 0:02:38]} 18. Rd2 {[%clk 0:02:24]} Rac8 {[%clk 0:02:21]} 19. Bb6
{[%clk 0:02:22]} Nd7 {[%clk 0:02:16]} 20. Bd4 {[%clk 0:02:02]} Ne5
{[%clk 0:01:51]} 21. Rad1 {[%clk 0:01:57]} Nc4 {[%clk 0:01:50]} 22. Bxc4
{[%clk 0:01:55]} Rxc4 {[%clk 0:01:50]} 23. Bxg7 {[%clk 0:01:54]} Kxg7
{[%clk 0:01:51]} 24. Rd8 {[%clk 0:01:43]} Rxd8 {[%clk 0:01:47]} 25. Rxd8
{[%clk 0:01:43]} e3 {[%clk 0:01:45]} 26. fxe3 {[%clk 0:01:42]} Bxc2
{[%clk 0:01:46]} 27. Rd4 {[%clk 0:01:27]} Rc5 {[%clk 0:01:43]} 28. Rb4
{[%clk 0:01:24]} Rxa5 {[%clk 0:01:40]} 29. Rxb7 {[%clk 0:01:25]} Rf5
{[%clk 0:01:33]} 30. h3 {[%clk 0:01:07]} Bd3 {[%clk 0:01:31]} 31. Rd7
{[%clk 0:00:53]} Rf1+ 32. Kh2 Bc4 {[%clk 0:01:30]} 33. Rd4 {[%clk 0:00:47]} Be6
{[%clk 0:01:31]} 34. b4 {[%clk 0:00:42]} Rc1 {[%clk 0:01:24]} 35. Nd5
{[%clk 0:00:38]} Bxd5 {[%clk 0:01:17]} 36. Rxd5 {[%clk 0:00:40]} Rc3
{[%clk 0:01:14]} 37. Rd6 {[%clk 0:00:23]} Rb3 {[%clk 0:01:15]} 38. Rb6
{[%clk 0:00:19]} h5 {[%clk 0:01:12]} 39. Kg1 {[%clk 0:00:20]} Rb2
{[%clk 0:01:13]} 40. Rxa6 {[%clk 0:00:18]} Rxb4 {[%clk 0:01:13]} 41. Kf2
{[%clk 0:00:19]} f6 {[%clk 0:01:14]} 42. Kf3 {[%clk 0:00:18]} Kg6
{[%clk 0:01:15]} 43. g4 {[%clk 0:00:18]} h4 {[%clk 0:01:16]} 44. Ra2
{[%clk 0:00:18]} Rc4 {[%clk 0:01:15]} 45. Rd2 {[%clk 0:00:17]} Rc6 1/2-1/2

[Event "Team Championship Russia (Blitz, Men)"]
[Site "Sochi"]
[Date "2018.10.10"]
[Round "5.1"]
[White "Dubov, Daniil"]
[Black "Zvjaginsev, Vadim"]
[Result "1/2-1/2"]
[BlackElo "2669"]
[WhiteElo "2706"]
[LiveChessVersion "1.4.8"]

1. Nf3 {[%clk 0:03:03]} g6 {[%clk 0:03:02]} 2. e4 {[%clk 0:03:03]} Bg7
{[%clk 0:03:03]} 3. d4 {[%clk 0:03:04]} c5 {[%clk 0:03:03]} 4. Nc3
{[%clk 0:02:58]} cxd4 {[%clk 0:03:02]} 5. Nxd4 {[%clk 0:02:59]} Nc6
{[%clk 0:03:02]} 6. Be3 {[%clk 0:03:00]} Nf6 {[%clk 0:03:02]} 7. Bc4
{[%clk 0:02:57]} O-O {[%clk 0:02:51]} 8. Bb3 {[%clk 0:02:58]} d6 {[%clk 0:02:51]}
9. f3 {[%clk 0:02:56]} Qa5 {[%clk 0:02:50]} 10. Qd2 {[%clk 0:02:52]} Nxd4
{[%clk 0:02:48]} 11. Bxd4 {[%clk 0:02:53]} Be6 {[%clk 0:02:49]} 12. O-O
{[%clk 0:02:46]} Nd7 {[%clk 0:02:37]} 13. Bxg7 {[%clk 0:02:43]} Kxg7
{[%clk 0:02:37]} 14. Kh1 {[%clk 0:02:43]} Rac8 {[%clk 0:02:25]} 15. f4
{[%clk 0:02:31]} Nf6 {[%clk 0:02:18]} 16. Rae1 {[%clk 0:02:26]} Rfd8
{[%clk 0:01:47]} 17. Qe2 {[%clk 0:02:08]} Qh5 {[%clk 0:01:35]} 18. Qf2
{[%clk 0:01:29]} Rc5 {[%clk 0:01:29]} 19. Bxe6 {[%clk 0:00:51]} fxe6
{[%clk 0:01:28]} 20. e5 {[%clk 0:00:52]} Ng4 {[%clk 0:01:10]} 21. Qg3
{[%clk 0:00:32]} dxe5 {[%clk 0:00:56]} 22. h3 {[%clk 0:00:33]} Nh6
{[%clk 0:00:53]} 23. fxe5 {[%clk 0:00:21]} Rdc8 {[%clk 0:00:40]} 24. Kg1
{[%clk 0:00:13]} Nf5 {[%clk 0:00:35]} 25. Qf2 {[%clk 0:00:13]} Qh4
{[%clk 0:00:34]} 26. g4 {[%clk 0:00:09]} Qxf2+ {[%clk 0:00:22]} 27. Rxf2
{[%clk 0:00:10]} Nd4 {[%clk 0:00:14]} 28. Re4 {[%clk 0:00:09]} Nc6
{[%clk 0:00:13]} 29. Rfe2 {[%clk 0:00:07]} Rd8 {[%clk 0:00:14]} 1/2-1/2

[Event "Team Championship Russia (Blitz, Men)"]
[Site "Sochi"]
[Date "2018.10.10"]
[Round "5.2"]
[White "Grachev, Boris"]
[Black "Morozevich, Alexander"]
[Result "1/2-1/2"]
[BlackElo "2677"]
[WhiteElo "2646"]
[LiveChessVersion "1.4.8"]

1. d4 {[%clk 0:03:02]} Nf6 {[%clk 0:03:03]} 2. Nf3 {[%clk 0:03:03]} g6
{[%clk 0:02:55]} 3. g3 {[%clk 0:03:00]} Bg7 {[%clk 0:02:55]} 4. Bg2
{[%clk 0:03:01]} O-O {[%clk 0:02:54]} 5. O-O {[%clk 0:03:01]} d6 {[%clk 0:02:47]}
6. c4 {[%clk 0:02:59]} c5 {[%clk 0:02:46]} 7. e3 {[%clk 0:02:59]} Nc6
{[%clk 0:02:44]} 8. Nc3 {[%clk 0:02:58]} cxd4 {[%clk 0:02:35]} 9. Nxd4
{[%clk 0:02:52]} Bg4 {[%clk 0:02:34]} 10. Qd2 {[%clk 0:02:43]} Qd7
{[%clk 0:02:33]} 11. b3 {[%clk 0:02:39]} Bh3 {[%clk 0:02:30]} 12. Bb2
{[%clk 0:02:39]} Bxg2 {[%clk 0:02:30]} 13. Kxg2 {[%clk 0:02:40]} a6
{[%clk 0:02:03]} 14. Nd5 {[%clk 0:02:22]} Nxd5 {[%clk 0:02:00]} 15. cxd5
{[%clk 0:02:22]} Nxd4 {[%clk 0:02:00]} 16. Bxd4 {[%clk 0:02:22]} Bxd4
{[%clk 0:01:56]} 1/2-1/2

[Event "Team Championship Russia (Blitz, Men)"]
[Site "Sochi"]
[Date "2018.10.10"]
[Round "5.3"]
[White "Savchenko, Boris"]
[Black "Kobalia, Mikhail"]
[Result "1-0"]
[BlackElo "2492"]
[WhiteElo "2657"]
[LiveChessVersion "1.4.8"]

1. e4 {[%clk 0:03:03]} e5 {[%clk 0:03:03]} 2. f4 {[%clk 0:03:04]} Bc5
{[%clk 0:02:57]} 3. Nf3 {[%clk 0:03:04]} d6 {[%clk 0:02:59]} 4. c3
{[%clk 0:03:05]} Nf6 {[%clk 0:02:46]} 5. d4 {[%clk 0:03:06]} exd4
{[%clk 0:02:47]} 6. cxd4 {[%clk 0:03:06]} Bb4+ {[%clk 0:02:49]} 7. Bd2
{[%clk 0:03:07]} Bxd2+ 8. Nbxd2 {[%clk 0:03:08]} O-O {[%clk 0:02:40]} 9. Bd3
{[%clk 0:03:09]} c5 {[%clk 0:02:36]} 10. d5 {[%clk 0:02:45]} b5 {[%clk 0:02:30]}
11. Bxb5 {[%clk 0:02:43]} Qa5 {[%clk 0:02:32]} 12. Bd3 {[%clk 0:02:43]} c4
{[%clk 0:02:31]} 13. Bxc4 {[%clk 0:02:09]} Nxe4 {[%clk 0:02:31]} 14. Qe2
{[%clk 0:02:10]} Nxd2 {[%clk 0:02:20]} 15. Qxd2 {[%clk 0:02:10]} Re8+
{[%clk 0:02:16]} 16. Kf2 {[%clk 0:02:08]} Qc5+ {[%clk 0:02:01]} 17. Qd4
{[%clk 0:02:09]} Qxd4+ {[%clk 0:01:57]} 18. Nxd4 {[%clk 0:02:09]} Re4
{[%clk 0:01:59]} 19. Rhe1 {[%clk 0:01:55]} Rxf4+ {[%clk 0:01:54]} 20. Ke3
{[%clk 0:01:55]} Rf6 {[%clk 0:01:53]} 21. Rf1 {[%clk 0:01:36]} Nd7
{[%clk 0:01:53]} 22. Nb5 {[%clk 0:01:37]} Ne5 {[%clk 0:01:50]} 23. Rxf6
{[%clk 0:01:32]} Nxc4+ {[%clk 0:01:51]} 24. Kd4 {[%clk 0:01:32]} gxf6
{[%clk 0:01:51]} 25. Kxc4 {[%clk 0:01:31]} Ba6 {[%clk 0:01:53]} 26. a4
{[%clk 0:01:29]} Rc8+ {[%clk 0:01:49]} 27. Kb4 {[%clk 0:01:26]} Rc2
{[%clk 0:01:42]} 28. b3 {[%clk 0:01:27]} Rxg2 {[%clk 0:01:35]} 29. Nxa7
{[%clk 0:01:27]} f5 {[%clk 0:01:27]} 30. Ka5 {[%clk 0:01:18]} Bd3
{[%clk 0:01:24]} 31. b4 {[%clk 0:01:19]} f4 {[%clk 0:01:04]} 32. b5
{[%clk 0:01:20]} Kh8 {[%clk 0:00:50]} 33. b6 {[%clk 0:01:20]} Rg8
{[%clk 0:00:51]} 34. b7 {[%clk 0:01:19]} Rb8 {[%clk 0:00:52]} 35. Kb6
{[%clk 0:01:20]} f3 {[%clk 0:00:54]} 36. a5 {[%clk 0:00:59]} f2 {[%clk 0:00:55]}
37. a6 {[%clk 0:00:58]} f1=Q {[%clk 0:00:55]} 38. Rxf1 {[%clk 0:00:58]} Bxf1
{[%clk 0:00:56]} 39. Nc6 {[%clk 0:00:37]} Bxa6 {[%clk 0:00:57]} 40. Kxa6
{[%clk 0:00:33]} Re8 41. b8=R {[%clk 0:00:27]} Rxb8 {[%clk 0:00:58]} 42. Nxb8
{[%clk 0:00:28]} Kg7 {[%clk 0:00:57]} 43. Kb6 {[%clk 0:00:28]} f5
{[%clk 0:00:56]} 44. Nc6 {[%clk 0:00:27]} Kf6 {[%clk 0:00:57]} 45. Kc7
{[%clk 0:00:26]} f4 {[%clk 0:00:57]} 46. Kxd6 f3 47. Ne5 {[%clk 0:00:27]} 1-0

[Event "Team Championship Russia (Blitz, Men)"]
[Site "Sochi"]
[Date "2018.10.10"]
[Round "5.4"]
[White "Malakhov, Vladimir"]
[Black "Indjic, Aleksandar"]
[Result "1/2-1/2"]
[BlackElo "2606"]
[WhiteElo "2630"]
[LiveChessVersion "1.4.8"]

1. Nf3 {[%clk 0:03:02]} c5 {[%clk 0:03:02]} 2. c4 Nf6 {[%clk 0:03:02]} 3. Nc3
{[%clk 0:03:02]} Nc6 {[%clk 0:03:02]} 4. d4 {[%clk 0:03:02]} cxd4
{[%clk 0:03:02]} 5. Nxd4 {[%clk 0:03:02]} e6 {[%clk 0:03:02]} 6. a3
{[%clk 0:03:02]} Bc5 {[%clk 0:03:02]} 7. Nb3 {[%clk 0:03:02]} Be7
{[%clk 0:03:02]} 8. e4 {[%clk 0:03:02]} d6 {[%clk 0:03:02]} 9. Be2
{[%clk 0:03:02]} b6 {[%clk 0:03:02]} 10. O-O {[%clk 0:03:02]} Bb7
{[%clk 0:03:02]} 11. Be3 {[%clk 0:03:02]} O-O {[%clk 0:03:02]} 12. f4
{[%clk 0:03:02]} Nd7 {[%clk 0:03:02]} 13. Rc1 {[%clk 0:02:52]} a6
{[%clk 0:03:00]} 14. Nd4 {[%clk 0:02:48]} Nxd4 {[%clk 0:02:23]} 15. Bxd4
{[%clk 0:02:49]} Qc7 {[%clk 0:02:22]} 16. b4 {[%clk 0:02:39]} Bf6
{[%clk 0:02:21]} 17. Bxf6 {[%clk 0:02:29]} Nxf6 {[%clk 0:02:22]} 18. Qd4
{[%clk 0:02:29]} Rfd8 {[%clk 0:02:18]} 19. Qe3 {[%clk 0:02:25]} a5
{[%clk 0:01:59]} 20. Nb5 {[%clk 0:02:11]} Qc6 {[%clk 0:01:34]} 21. Bf3
{[%clk 0:02:12]} e5 {[%clk 0:01:35]} 22. Nc3 {[%clk 0:01:44]} axb4
{[%clk 0:01:32]} 23. axb4 {[%clk 0:01:42]} exf4 {[%clk 0:01:16]} 24. Qxf4
{[%clk 0:01:40]} Qxc4 {[%clk 0:01:16]} 25. Qe3 {[%clk 0:01:09]} Qc7
{[%clk 0:00:21]} 26. Nd5 {[%clk 0:00:59]} Nxd5 {[%clk 0:00:20]} 27. exd5
{[%clk 0:01:00]} Qd7 {[%clk 0:00:13]} 28. Qxb6 {[%clk 0:01:01]} Ba6
{[%clk 0:00:15]} 29. Rc7 {[%clk 0:00:53]} Qe8 {[%clk 0:00:16]} 30. Bh5
{[%clk 0:00:43]} Bxf1 {[%clk 0:00:11]} 31. Bxf7+ {[%clk 0:00:43]} Qxf7
{[%clk 0:00:12]} 32. Rxf7 {[%clk 0:00:44]} Kxf7 {[%clk 0:00:13]} 33. Kxf1
{[%clk 0:00:43]} Kg8 {[%clk 0:00:14]} 34. h3 {[%clk 0:00:37]} Rab8
{[%clk 0:00:14]} 35. Qa5 {[%clk 0:00:33]} Rf8+ {[%clk 0:00:14]} 36. Kg1
{[%clk 0:00:35]} Rf7 {[%clk 0:00:12]} 37. Qa6 {[%clk 0:00:32]} Rd7
{[%clk 0:00:08]} 38. Qc6 {[%clk 0:00:28]} Rbb7 {[%clk 0:00:06]} 39. Qc4
{[%clk 0:00:26]} h6 {[%clk 0:00:07]} 40. b5 {[%clk 0:00:23]} Kf7 {[%clk 0:00:07]}
41. Qc6 {[%clk 0:00:16]} Ke7 {[%clk 0:00:08]} 42. b6 {[%clk 0:00:17]} Rb8
{[%clk 0:00:09]} 43. Qb5 {[%clk 0:00:16]} Rdb7 {[%clk 0:00:09]} 44. Qe2+
{[%clk 0:00:17]} Kf8 {[%clk 0:00:10]} 45. Qe6 {[%clk 0:00:11]} Rxb6
{[%clk 0:00:10]} 46. Kh2 {[%clk 0:00:13]} R8b7 {[%clk 0:00:09]} 47. Qc8+
{[%clk 0:00:13]} Kf7 {[%clk 0:00:07]} 48. Qe6+ {[%clk 0:00:14]} Kf8
{[%clk 0:00:07]} 49. Qc8+ {[%clk 0:00:15]} Kf7 {[%clk 0:00:09]} 50. Qe6+
{[%clk 0:00:16]} 1/2-1/2

[Event "Team Championship Russia (Blitz, Men)"]
[Site "Sochi"]
[Date "2018.10.10"]
[Round "5.5"]
[White "Artemiev, Vladislav"]
[Black "Lysyj, Igor"]
[Result "1-0"]
[BlackElo "2575"]
[WhiteElo "2849"]
[LiveChessVersion "1.4.8"]

1. Nf3 {[%clk 0:03:01]} d5 {[%clk 0:03:03]} 2. g3 {[%clk 0:03:01]} c6
{[%clk 0:03:04]} 3. Bg2 {[%clk 0:03:02]} Bg4 {[%clk 0:03:05]} 4. O-O
{[%clk 0:03:02]} Nd7 {[%clk 0:03:00]} 5. h3 {[%clk 0:03:03]} Bxf3 6. Bxf3
{[%clk 0:03:04]} Ngf6 {[%clk 0:02:58]} 7. d3 {[%clk 0:03:04]} e5 {[%clk 0:02:59]}
8. e4 {[%clk 0:03:05]} Bc5 {[%clk 0:02:58]} 9. exd5 {[%clk 0:03:02]} Nxd5
{[%clk 0:02:59]} 10. Nc3 {[%clk 0:03:01]} Nxc3 {[%clk 0:02:57]} 11. bxc3
{[%clk 0:03:02]} O-O {[%clk 0:02:55]} 12. Re1 {[%clk 0:03:01]} Qc7
{[%clk 0:02:55]} 13. d4 {[%clk 0:02:48]} Bb6 {[%clk 0:02:46]} 14. Qd3
{[%clk 0:02:49]} Rfe8 {[%clk 0:02:30]} 15. Bd2 {[%clk 0:02:38]} Rad8
{[%clk 0:02:28]} 16. Bg5 {[%clk 0:02:39]} Rc8 {[%clk 0:02:17]} 17. Rad1
{[%clk 0:02:17]} h6 {[%clk 0:02:14]} 18. Bc1 {[%clk 0:02:16]} Rcd8 19. Qf5 exd4
{[%clk 0:01:55]} 20. Rxe8+ {[%clk 0:00:46]} Rxe8 {[%clk 0:01:56]} 21. cxd4
{[%clk 0:00:46]} Nf8 {[%clk 0:01:55]} 22. Kg2 {[%clk 0:00:34]} Ne6
{[%clk 0:01:08]} 23. c3 {[%clk 0:00:35]} Qd6 {[%clk 0:00:47]} 24. h4
{[%clk 0:00:27]} g6 {[%clk 0:00:41]} 25. Qd3 {[%clk 0:00:20]} h5 {[%clk 0:00:40]}
26. Re1 {[%clk 0:00:19]} Qd8 {[%clk 0:00:36]} 27. Re2 {[%clk 0:00:19]} Ng7
{[%clk 0:00:28]} 28. Be4 {[%clk 0:00:18]} Qd7 {[%clk 0:00:25]} 29. a4
{[%clk 0:00:19]} Bc7 {[%clk 0:00:17]} 30. Qf3 {[%clk 0:00:20]} Qg4
{[%clk 0:00:08]} 31. Qd3 {[%clk 0:00:17]} Qd7 {[%clk 0:00:09]} 32. Rb2
{[%clk 0:00:14]} b6 {[%clk 0:00:09]} 33. Qf3 {[%clk 0:00:15]} Re6
{[%clk 0:00:09]} 34. d5 {[%clk 0:00:10]} cxd5 {[%clk 0:00:09]} 35. Bxd5
{[%clk 0:00:12]} Re5 {[%clk 0:00:08]} 36. c4 {[%clk 0:00:11]} Rf5
{[%clk 0:00:08]} 37. Qd3 {[%clk 0:00:10]} Ne6 {[%clk 0:00:08]} 38. Re2
{[%clk 0:00:12]} Nc5 {[%clk 0:00:07]} 39. Qc3 {[%clk 0:00:13]} Bd8
{[%clk 0:00:07]} 40. a5 {[%clk 0:00:09]} Bf6 {[%clk 0:00:08]} 41. Qa3
{[%clk 0:00:07]} Re5 {[%clk 0:00:08]} 42. Rxe5 Bxe5 {[%clk 0:00:09]} 43. axb6
{[%clk 0:00:07]} axb6 {[%clk 0:00:10]} 44. Be3 {[%clk 0:00:06]} Qc7
{[%clk 0:00:10]} 45. Qa8+ {[%clk 0:00:07]} Kg7 {[%clk 0:00:11]} 46. Qe8
{[%clk 0:00:08]} Qd7 {[%clk 0:00:10]} 47. Qxe5+ {[%clk 0:00:09]} 1-0

[Event "Team Championship Russia (Blitz, Men)"]
[Site "Sochi"]
[Date "2018.10.10"]
[Round "5.7"]
[White "Timofeev, Artyom"]
[Black "Gutenev, Alexander"]
[Result "1-0"]
[BlackElo "2440"]
[WhiteElo "2610"]
[LiveChessVersion "1.4.8"]

1. c4 {[%clk 0:03:03]} Nf6 {[%clk 0:03:03]} 2. Nc3 {[%clk 0:03:03]} d5
{[%clk 0:03:05]} 3. d4 {[%clk 0:03:04]} g6 {[%clk 0:03:06]} 4. Nf3 Bg7 5. Bg5
{[%clk 0:03:04]} Ne4 {[%clk 0:03:08]} 6. h4 {[%clk 0:03:05]} h6 {[%clk 0:03:06]}
7. Bf4 {[%clk 0:03:02]} Nxc3 {[%clk 0:03:04]} 8. bxc3 {[%clk 0:03:03]} dxc4
{[%clk 0:02:45]} 9. e4 {[%clk 0:02:57]} c5 {[%clk 0:02:38]} 10. Bxc4
{[%clk 0:02:55]} cxd4 {[%clk 0:02:33]} 11. cxd4 {[%clk 0:02:54]} Nc6
{[%clk 0:02:25]} 12. d5 {[%clk 0:02:43]} Na5 {[%clk 0:02:05]} 13. Be2
{[%clk 0:02:39]} O-O {[%clk 0:01:58]} 14. Rc1 {[%clk 0:02:37]} b6
{[%clk 0:01:48]} 15. Qd2 {[%clk 0:02:29]} Kh7 {[%clk 0:01:42]} 16. h5
{[%clk 0:02:14]} g5 {[%clk 0:01:36]} 17. Be5 {[%clk 0:02:15]} f6 {[%clk 0:01:29]}
18. Bc3 {[%clk 0:02:01]} Nb7 {[%clk 0:01:26]} 19. Nd4 {[%clk 0:01:57]} Nc5
{[%clk 0:01:26]} 20. Qe3 {[%clk 0:01:57]} Qd6 {[%clk 0:01:13]} 21. O-O
{[%clk 0:01:51]} Qf4 {[%clk 0:01:01]} 22. Bb4 {[%clk 0:01:10]} Qxe3
{[%clk 0:00:37]} 23. fxe3 {[%clk 0:01:11]} Nxe4 {[%clk 0:00:20]} 24. Bxe7
{[%clk 0:01:07]} Re8 {[%clk 0:00:19]} 25. d6 {[%clk 0:01:08]} Bd7
{[%clk 0:00:17]} 26. Rc7 {[%clk 0:01:06]} Nc5 {[%clk 0:00:19]} 27. Bb5
{[%clk 0:00:56]} Bxb5 {[%clk 0:00:10]} 28. Nxb5 {[%clk 0:00:57]} a6
{[%clk 0:00:11]} 29. Nd4 {[%clk 0:00:55]} Rec8 {[%clk 0:00:09]} 30. Rxc8
{[%clk 0:00:39]} Rxc8 {[%clk 0:00:10]} 31. Rc1 {[%clk 0:00:40]} Ra8
{[%clk 0:00:05]} 32. Nf5 {[%clk 0:00:19]} Bf8 {[%clk 0:00:07]} 33. Rd1
{[%clk 0:00:12]} Ra7 {[%clk 0:00:08]} 34. Bxf8 {[%clk 0:00:12]} 1-0

[Event "Team Championship Russia (Blitz, Men)"]
[Site "Sochi"]
[Date "2018.10.10"]
[Round "5.8"]
[White "Remizov, Yaroslav"]
[Black "Sharafiev, Azat"]
[Result "0-1"]
[BlackElo "2435"]
[WhiteElo "2227"]
[LiveChessVersion "1.4.8"]

1. e4 {[%clk 0:03:03]} Nc6 {[%clk 0:03:03]} 2. Nc3 {[%clk 0:03:03]} e5
{[%clk 0:03:03]} 3. Nf3 {[%clk 0:03:05]} Nf6 4. Be2 d5 {[%clk 0:03:00]} 5. exd5
{[%clk 0:03:07]} Nxd5 {[%clk 0:03:01]} 6. O-O {[%clk 0:03:08]} Nxc3 7. bxc3
{[%clk 0:03:09]} Bd6 {[%clk 0:03:02]} 8. d4 {[%clk 0:03:07]} e4 {[%clk 0:02:52]}
9. Nd2 {[%clk 0:03:04]} Bf5 {[%clk 0:02:51]} 10. Nc4 {[%clk 0:03:02]} O-O
{[%clk 0:02:44]} 11. Rb1 {[%clk 0:02:41]} b6 {[%clk 0:02:37]} 12. Nxd6
{[%clk 0:02:26]} cxd6 {[%clk 0:02:31]} 13. Ba3 {[%clk 0:02:17]} Rc8
{[%clk 0:02:29]} 14. Bg4 {[%clk 0:01:57]} Bxg4 {[%clk 0:02:25]} 15. Qxg4
{[%clk 0:01:58]} Re8 {[%clk 0:02:22]} 16. Rfe1 {[%clk 0:01:24]} d5
{[%clk 0:02:19]} 17. f3 {[%clk 0:01:24]} exf3 {[%clk 0:02:00]} 18. Qxf3
{[%clk 0:01:22]} Qd7 {[%clk 0:01:49]} 19. Rf1 {[%clk 0:01:02]} Re4
{[%clk 0:01:30]} 20. Qf5 {[%clk 0:00:32]} Rd8 {[%clk 0:01:13]} 21. Qxd7
{[%clk 0:00:33]} Rxd7 {[%clk 0:01:14]} 22. Rbe1 {[%clk 0:00:35]} Rxe1
{[%clk 0:01:08]} 23. Rxe1 {[%clk 0:00:36]} f6 {[%clk 0:01:09]} 24. Re8+
{[%clk 0:00:30]} Kf7 {[%clk 0:01:10]} 25. Rh8 {[%clk 0:00:29]} h6
{[%clk 0:01:08]} 26. Kf2 {[%clk 0:00:27]} Na5 {[%clk 0:01:03]} 27. Rf8+
{[%clk 0:00:12]} Kg6 {[%clk 0:00:57]} 28. Rc8 {[%clk 0:00:05]} Nc4 29. Bc1 Nd6
{[%clk 0:00:54]} 30. Rc6 {[%clk 0:00:06]} Kf5 {[%clk 0:00:47]} 31. Kf3
{[%clk 0:00:08]} h5 {[%clk 0:00:45]} 32. h3 {[%clk 0:00:06]} h4 {[%clk 0:00:44]}
33. Bf4 {[%clk 0:00:05]} Nc4 {[%clk 0:00:44]} 34. Bb8 {[%clk 0:00:05]} Re7
{[%clk 0:00:42]} 35. Rc7 {[%clk 0:00:05]} Rxc7 {[%clk 0:00:33]} 36. Bxc7
{[%clk 0:00:06]} g5 {[%clk 0:00:34]} 37. Bb8 {[%clk 0:00:05]} a6 {[%clk 0:00:33]}
38. Bc7 {[%clk 0:00:04]} b5 {[%clk 0:00:35]} 39. Bb8 {[%clk 0:00:05]} Na3
{[%clk 0:00:29]} 40. Ke2 {[%clk 0:00:04]} Nxc2 {[%clk 0:00:25]} 41. Bd6
{[%clk 0:00:05]} Ke4 {[%clk 0:00:25]} 42. Kd2 {[%clk 0:00:06]} Ne3
{[%clk 0:00:26]} 43. Be7 {[%clk 0:00:04]} Nxg2 {[%clk 0:00:25]} 44. Bxf6
{[%clk 0:00:05]} Kf5 {[%clk 0:00:25]} 45. Bd8 {[%clk 0:00:03]} Nf4
{[%clk 0:00:26]} 46. Ke3 {[%clk 0:00:03]} Nxh3 {[%clk 0:00:27]} 47. Be7
{[%clk 0:00:04]} Nf4 {[%clk 0:00:27]} 48. Kf3 {[%clk 0:00:05]} g4+
{[%clk 0:00:28]} 49. Kf2 {[%clk 0:00:06]} h3 {[%clk 0:00:25]} 50. Kg3
{[%clk 0:00:07]} Ne2+ {[%clk 0:00:26]} 0-1